ბათუმის შოთა რუსთაველის სახელმწიფო უნივერსიტეტის ბიბლიოთეკა

უცხოური ინვესტიციები და შრომის ბაზრის ტრანსფორმაცია საქართველოში / (ბიბ.ჩანაწერი № 53656)

000 -ლიდერი
ფიქსირებული სიგრძის საკონტროლო ველი 01075nam a2200229Ia 4500
001 - საკონტროლო ნომერი
საკონტროლო ველი 20703
003 - საკონტროლო ნომრის იდენტიფიკატორი
საკონტროლო ველი GE_BSU
005 - ბოლო ოპერაციის თარიღი და დრო
საკონტროლო ველი 20210329160323.0
008 - ფიქსირებული სიგრძის მონაცემთა ელემენტები - ზოგადი ინფორმაცია
ფიქსირებული სიგრძის საკონტროლო ველი 181216s2017||||ge |||||||||||||| ||geo||
040 ## - კატალოგიზაციის წყარო
Transcribing agency GE_BSU
041 ## - ენის კოდი
Language code of text/sound track or separate title geo
080 ## - უნივერსალური ათობითი კლასიფიკაციის ინდექსი
Universal Decimal Classification number 33 მ-58
100 ## - მთავარი ჩანაწერი - პიროვნების სახელი
Personal name მესხი, ირაკლი
9 (RLIN) 10799
245 ## - ცნობა სათაურის შესახებ
Title უცხოური ინვესტიციები და შრომის ბაზრის ტრანსფორმაცია საქართველოში /
Statement of responsibility, etc ირაკლი მესხი; სამეცნ. ხელმძღვ. ნ. წიკლაშვილი.
264 ## - წარმოების, გამოცემის, დისტრიბუციის და სხვა ცნობები
გამოცემის, წარმოების, დისტრიბუციის... ადგილი ბათუმი,
გამოცემის, წარმოების, დისტრიბუციის... თარიღი 2017
300 ## - ფიზიკური აღწერა
Extent 200 გვ. ;
Other physical details 30 სმ.
653 ## - INDEX TERM--UNCONTROLLED
Uncontrolled term ეკონომიკა
653 ## - INDEX TERM--UNCONTROLLED
Uncontrolled term დისერტაცია
653 ## - INDEX TERM--UNCONTROLLED
Uncontrolled term უცხოური ინვესტიციები და შრომის ბაზრის ტრანსფორმაცია საქართველოში
700 ## - ADDED ENTRY--PERSONAL NAME
Personal name წიკლაშვილი, ნ.
9 (RLIN) 10800
942 ## - ADDED ENTRY ELEMENTS (KOHA)
Koha item type წიგნი
Source of classification or shelving scheme
ეგზემპლარები
ჩამოწერის სტატუსი დაკარგული ეგზემპლარის სტატუსი კლასიფიკაციის წყარო ან თაროზე გაწყობის სქემა დაზიანების სტატუსი არ გაიცემა მუდმივი მდებარეობა (დაცვის ადგილი) ამჟამინდელი ადგილსამყოფელი თაროზე განთავსების ადგილი შეძენის თარიღი სრული შენახვის შიფრი შტრიხკოდი ბოლო ოპერაციის თარიღი ეგზემპლარის მიმდევრობითი ნომერი (კეტერი?) ფასის ძალაში შესვლის თარიღი ეგზემპლარის სახეობა საჯარო შენიშვნა
          ბათუმის შოთა რუსთაველის სახელმწიფო უნივერსიტეტის მთავარი ბიბლიოთეკა ბათუმის შოთა რუსთაველის სახელმწიფო უნივერსიტეტის მთავარი ბიბლიოთეკა წიგნსაცავი 2018-12-17 33 მ-58 286 დისერტ. 2018-12-17 286 2018-12-17 დისერტაცია